|
|
|
|
| LEADER |
00000nam a2200000 4500 |
| 008 |
150806b2013 cr ||||| |||| 00| | spa d |
| 090 |
|
|
|a 06.02.01
|b 2001 (2013)
|
| 100 |
1 |
|
|9 748
|a Pérez Sánchez, María Beatriz
|
| 245 |
1 |
0 |
|a Plan de los 200 días lectivos del Ministerio de Educación Pública de Costa Rica: Servicio al cliente y gestión de la información para funcionarios administrativos del MEP /
|c María Beatriz Pérez Sánchez.
|
| 260 |
|
|
|a San José, Costa Rica :
|b INIE. MEP. Instituto de Desarrollo Profesional Uladislao Gámez Solano,
|c 2013
|
| 300 |
|
|
|a 54 páginas
|
| 650 |
1 |
4 |
|9 729
|a CAPACITACIÓN
|
| 650 |
1 |
4 |
|9 331
|a DOCENTES
|
| 942 |
|
|
|i 003799
|h 06.02.01 2001 (2013)
|2 z
|c 01
|
| 999 |
|
|
|c 2786
|d 2786
|